[Event "Winnipeg TNT Aug op"]
[Site "Winnipeg CAN"]
[Date "2004.08.03"]
[Round "1"]
[White "Estabrooks, Mike"]
[Black "Podmoroff, Yuri"]
[Result "1-0"]
[WhiteElo "1711"]
[BlackElo "1287"]
[PlyCount "69"]
[GameId "2160767911094736"]
[EventDate "2004.08.03"]
[EventType "swiss"]
[EventRounds "4"]
[EventCountry "CAN"]
[SourceTitle "EXT 2006"]
[Source "ChessBase"]
[SourceDate "2005.11.24"]
[SourceVersion "1"]
[SourceVersionDate "2005.11.24"]
[SourceQuality "1"]

1. f4 d5 2. Nf3 Nf6 3. e3 Bf5 4. b3 Nc6 5. Bb2 h6 6. Bb5 e6 7. Ne5 Qd6 8. Ba3 Qd8 9. Nxc6 Qc8 10. Nxa7+ c6 11. Nxc8 Rxc8 12. Bxf8 Kxf8 13. Be2 Ke7 14. a4 Rhd8 15. b4 Ra8 16. d3 Kf8 17. g4 Bh7 18. h4 Kg8 19. g5 hxg5 20. hxg5 Ne8 21. Nd2 d4 22. e4 Nd6 23. Kf2 Rf8 24. Rh4 Rae8 25. Bg4 e5 26. f5 f6 27. Rxh7 fxg5 28. Qh1 Nf7 29. Qh5 Re7 30. Qg6 Nh8 31. Rah1 Nxg6 32. Nf3 Nh4 33. Nxg5 g6 34. Rxe7 gxf5 35. Ne6 1-0

[Event "Winnipeg TNT Aug op"]
[Site "Winnipeg CAN"]
[Date "2004.08.03"]
[Round "1"]
[White "Gibson, Fred"]
[Black "Rutter, Blair"]
[Result "0-1"]
[WhiteElo "1173"]
[BlackElo "1662"]
[PlyCount "24"]
[GameId "2160767911094737"]
[EventDate "2004.08.03"]
[EventType "swiss"]
[EventRounds "4"]
[EventCountry "CAN"]
[SourceTitle "EXT 2006"]
[Source "ChessBase"]
[SourceDate "2005.11.24"]
[SourceVersion "1"]
[SourceVersionDate "2005.11.24"]
[SourceQuality "1"]

1. d4 f5 2. c4 Nf6 3. Nc3 e6 4. Nf3 Bb4 5. a3 Bxc3+ 6. bxc3 b6 7. Bg5 Bb7 8. e3 O-O 9. Bd3 Qe8 10. Bxf6 Rxf6 11. Ng5 Qg6 12. f4 h6 0-1

[Event "Winnipeg TNT Aug op"]
[Site "Winnipeg CAN"]
[Date "2004.08.03"]
[Round "1"]
[White "Lauritson, Jim"]
[Black "Milord, Frank"]
[Result "1-0"]
[WhiteElo "1964"]
[BlackElo "1592"]
[PlyCount "47"]
[GameId "2160767911094738"]
[EventDate "2004.08.03"]
[EventType "swiss"]
[EventRounds "4"]
[EventCountry "CAN"]
[SourceTitle "EXT 2006"]
[Source "ChessBase"]
[SourceDate "2005.11.24"]
[SourceVersion "1"]
[SourceVersionDate "2005.11.24"]
[SourceQuality "1"]

1. e4 d6 2. d4 Nf6 3. Nc3 g6 4. Be3 Bg7 5. f3 c6 6. Qd2 O-O 7. g4 b5 8. O-O-O Bb7 9. Kb1 Nbd7 10. h4 Qa5 11. h5 Rfd8 12. hxg6 fxg6 13. Bh6 Bh8 14. Nh3 b4 15. Ne2 c5 16. Nef4 Bxe4 17. fxe4 d5 18. exd5 Ne4 19. Qe1 Ndf6 20. g5 Rd6 21. gxf6 Nc3+ 22. bxc3 bxc3 23. Ka1 Bxf6 24. Rb1 1-0

[Event "Winnipeg TNT Aug op"]
[Site "Winnipeg CAN"]
[Date "2004.08.03"]
[Round "1"]
[White "Repa, Jason"]
[Black "Reimer, Bruce"]
[Result "1-0"]
[WhiteElo "1938"]
[BlackElo "1344"]
[PlyCount "63"]
[GameId "2160767911094739"]
[EventDate "2004.08.03"]
[EventType "swiss"]
[EventRounds "4"]
[EventCountry "CAN"]
[SourceTitle "EXT 2006"]
[Source "ChessBase"]
[SourceDate "2005.11.24"]
[SourceVersion "1"]
[SourceVersionDate "2005.11.24"]
[SourceQuality "1"]

1. f4 d6 2. b3 Nf6 3. Nf3 g6 4. Bb2 Bg7 5. e3 Bg4 6. h3 Bxf3 7. Qxf3 c6 8. Be2 O-O 9. O-O Nbd7 10. d3 Qa5 11. Kh1 e5 12. f5 Rae8 13. e4 Nh5 14. b4 Qd8 15. Bc1 d5 16. Nc3 d4 17. Nd1 b5 18. g4 Nhf6 19. g5 Nh5 20. f6 Bh8 21. Nf2 h6 22. h4 Nb8 23. Ng4 hxg5 24. hxg5 Na6 25. Bd2 Nc7 26. Nh6+ Kh7 27. Qh3 Ne6 28. Bxh5 Nf4 29. Bxf4 exf4 30. Bg4 Qc7 31. Rf2 Bxf6 32. gxf6 1-0

[Event "Winnipeg TNT Aug op"]
[Site "Winnipeg CAN"]
[Date "2004.08.03"]
[Round "1"]
[White "Zhou, Lu"]
[Black "Boron, Anthony"]
[Result "0-1"]
[WhiteElo "1646"]
[BlackElo "1958"]
[PlyCount "77"]
[GameId "2160767911094741"]
[EventDate "2004.08.03"]
[EventType "swiss"]
[EventRounds "4"]
[EventCountry "CAN"]

1. e4 d5 2. exd5 Qxd5 3. Nc3 Qa5 4. Nf3 Bg4 5. Be2 c6 6. d4 e6 7. Bf4 Bb4 8. Bd2 Nf6 9. a3 Bxc3 10. Bxc3 Qc7 11. O-O Nbd7 12. b3 O-O 13. Bb2 Nd5 14. Ne5 Bxe2 15. Qxe2 Nxe5 16. dxe5 Rad8 17. Rad1 h6 18. a4 Rfe8 19. Qc4 Nb6 20. Qg4 c5 21. c4 Nc8 22. Qe4 Ne7 23. g4 b6 24. f4 Rxd1 25. Rxd1 Rd8 26. Rxd8+ Qxd8 27. Qe2 Nc6 28. Kg2 Nd4 29. Qd3 Qa8+ 30. Kg3 Nc6 31. Bc3 Ne7 32. Qf3 Qd8 33. f5 Qd7 34. f6 Ng6 35. Qe3 Qd1 36. fxg7 Qxb3 37. h4 Kxg7 38. h5 Ne7 39. g5 0-1

[Event "Winnipeg TNT Aug op"]
[Site "Winnipeg CAN"]
[Date "2004.04.13"]
[Round "2"]
[White "Cleto, Sam"]
[Black "MacPherson, Al"]
[Result "1/2-1/2"]
[WhiteElo "1883"]
[BlackElo "1638"]
[PlyCount "120"]
[GameId "2160767911094742"]
[EventDate "2004.08.03"]
[EventType "swiss"]
[EventRounds "4"]
[EventCountry "CAN"]
[SourceTitle "EXT 2006"]
[Source "ChessBase"]
[SourceDate "2005.11.24"]
[SourceVersion "1"]
[SourceVersionDate "2005.11.24"]
[SourceQuality "1"]

1. Nf3 d5 2. d4 c5 3. Bf4 e6 4. e3 Nf6 5. Bb5+ Bd7 6. a4 cxd4 7. exd4 a6 8. Bd3 Bb4+ 9. c3 Be7 10. O-O Bc6 11. b4 Nbd7 12. Nbd2 b5 13. a5 Nh5 14. Be3 Rc8 15. Ne5 Nhf6 16. Ndf3 Ne4 17. Nxd7 Nxc3 18. Qb3 Bxd7 19. Ne5 f6 20. Nxd7 Qxd7 21. Rfc1 Ne4 22. Rxc8+ Qxc8 23. Rc1 Qd7 24. Bxe4 dxe4 25. d5 exd5 26. Rd1 O-O 27. Bc5 Bxc5 28. bxc5 Rd8 29. Qe3 f5 30. Qg5 Rc8 31. g4 Rxc5 32. gxf5 d4 33. Qf4 Rxf5 34. Qxe4 Rg5+ 35. Kh1 Qd5 36. f3 Qxe4 37. fxe4 Kf7 38. Rxd4 Ke6 39. Rd8 Rg6 40. h4 Rh6 41. Re8+ Kf7 42. Ra8 Rxh4+ 43. Kg2 Rxe4 44. Rxa6 Ra4 45. Ra8 b4 46. a6 b3 47. Rb8 Rxa6 48. Rxb3 h6 49. Kh3 g5 50. Rb4 Kg6 51. Rb3 Rf6 52. Rg3 h5 53. Rb3 g4+ 54. Kh4 Rf3 55. Rxf3 gxf3 56. Kg3 Kg5 57. Kxf3 Kh4 58. Kf4 Kh3 59. Kf3 h4 60. Kf2 Kh2 1/2-1/2

[Event "Winnipeg TNT Aug op"]
[Site "Winnipeg CAN"]
[Date "2004.04.13"]
[Round "2"]
[White "Czypinski, Jaroslaw"]
[Black "Czarny, Keith"]
[Result "1-0"]
[WhiteElo "1903"]
[BlackElo "1657"]
[PlyCount "45"]
[GameId "2160767911094743"]
[EventDate "2004.08.03"]
[EventType "swiss"]
[EventRounds "4"]
[EventCountry "CAN"]
[SourceTitle "EXT 2006"]
[Source "ChessBase"]
[SourceDate "2005.11.24"]
[SourceVersion "1"]
[SourceVersionDate "2005.11.24"]
[SourceQuality "1"]

1. e4 e5 2. Nf3 Nc6 3. Bb5 a6 4. Bxc6 dxc6 5. d4 exd4 6. Qxd4 Qxd4 7. Nxd4 Nf6 8. Nc3 Bb4 9. f3 O-O 10. Bf4 Re8 11. O-O-O Bxc3 12. bxc3 c5 13. Nb3 Be6 14. Bxc7 Rac8 15. Bf4 h6 16. Rd2 Nd7 17. Rd6 g5 18. Bg3 h5 19. h3 Ne5 20. Bxe5 Bxb3 21. cxb3 Rxe5 22. Rhd1 Kg7 23. R1d5 1-0

[Event "Winnipeg TNT Aug op"]
[Site "Winnipeg CAN"]
[Date "2004.04.13"]
[Round "2"]
[White "Degroot, Stephen"]
[Black "Wood, Nathaniel"]
[Result "1-0"]
[WhiteElo "1552"]
[BlackElo "1333"]
[PlyCount "59"]
[GameId "2160767911094744"]
[EventDate "2004.08.03"]
[EventType "swiss"]
[EventRounds "4"]
[EventCountry "CAN"]
[SourceTitle "EXT 2006"]
[Source "ChessBase"]
[SourceDate "2005.11.24"]
[SourceVersion "1"]
[SourceVersionDate "2005.11.24"]
[SourceQuality "1"]

1. d4 Nf6 2. c4 g6 3. Nc3 Bg7 4. e4 d6 5. f4 Bg4 6. Nf3 e6 7. Be2 Nc6 8. O-O O-O 9. e5 Nd7 10. Be3 Ne7 11. h3 Bxf3 12. Bxf3 Nf5 13. Bf2 Nb6 14. b3 Rb8 15. a4 a6 16. Qe2 Nd7 17. g4 Ne7 18. Ne4 dxe5 19. dxe5 f5 20. Ng5 fxg4 21. Bxg4 Rxf4 22. Nxe6 Qe8 23. Nxf4 Nxe5 24. Be6+ Kh8 25. Rae1 Qc6 26. Bh4 g5 27. Bxg5 Nf3+ 28. Rxf3 Qc5+ 29. Qe3 Bd4 30. Bf6+ 1-0

[Event "Winnipeg TNT Aug op"]
[Site "Winnipeg CAN"]
[Date "2004.04.13"]
[Round "2"]
[White "Estabrooks, Mike"]
[Black "Lauritson, Jim"]
[Result "0-1"]
[WhiteElo "1700"]
[BlackElo "1893"]
[PlyCount "36"]
[GameId "2160767911094745"]
[EventDate "2004.08.03"]
[EventType "swiss"]
[EventRounds "4"]
[EventCountry "CAN"]
[SourceTitle "EXT 2006"]
[Source "ChessBase"]
[SourceDate "2005.11.24"]
[SourceVersion "1"]
[SourceVersionDate "2005.11.24"]
[SourceQuality "1"]

1. f4 d5 2. Nf3 Bg4 3. e3 Nd7 4. Bb5 c6 5. Be2 Ngf6 6. b3 Bxf3 7. Bxf3 e5 8. fxe5 Nxe5 9. Bb2 Bd6 10. d3 O-O 11. O-O Qc7 12. h3 Rae8 13. Kh1 Re7 14. Nd2 Rfe8 15. Re1 Qa5 16. Bxe5 Bxe5 17. d4 Bxd4 18. Nc4 Qc3 0-1

[Event "Winnipeg TNT Aug op"]
[Site "Winnipeg CAN"]
[Date "2004.04.13"]
[Round "2"]
[White "Lafreniere, Adrian"]
[Black "Taylor, Jasper"]
[Result "1-0"]
[WhiteElo "1815"]
[BlackElo "1417"]
[PlyCount "49"]
[GameId "2160767911094746"]
[EventDate "2004.08.03"]
[EventType "swiss"]
[EventRounds "4"]
[EventCountry "CAN"]
[SourceTitle "EXT 2006"]
[Source "ChessBase"]
[SourceDate "2005.11.24"]
[SourceVersion "1"]
[SourceVersionDate "2005.11.24"]
[SourceQuality "1"]

1. e4 c6 2. d4 d5 3. e5 Bf5 4. Bd3 Bxd3 5. Qxd3 Qb6 6. f4 Qa6 7. Qe3 e6 8. Ne2 c5 9. c3 cxd4 10. cxd4 Nc6 11. Bd2 Nge7 12. g4 Nc8 13. Bc3 Nb6 14. b3 Bb4 15. O-O Bxc3 16. Nbxc3 O-O 17. f5 exf5 18. gxf5 Kh8 19. Ng3 Rg8 20. Kh1 Ne7 21. Qg5 Rae8 22. f6 Nc6 23. Nf5 g6 24. Nd6 Ref8 25. Rf3 1-0

[Event "Winnipeg TNT Aug op"]
[Site "Winnipeg CAN"]
[Date "2004.04.13"]
[Round "2"]
[White "Pottinger, Carl"]
[Black "Moffat, Ron"]
[Result "1-0"]
[WhiteElo "1653"]
[BlackElo "1726"]
[PlyCount "57"]
[GameId "2160767911094747"]
[EventDate "2004.08.03"]
[EventType "swiss"]
[EventRounds "4"]
[EventCountry "CAN"]
[SourceTitle "EXT 2006"]
[Source "ChessBase"]
[SourceDate "2005.11.24"]
[SourceVersion "1"]
[SourceVersionDate "2005.11.24"]
[SourceQuality "1"]

1. c4 Nf6 2. g3 g6 3. Bg2 Bg7 4. Nc3 d6 5. e4 e5 6. Nge2 Be6 7. d3 Nc6 8. O-O Qd7 9. Nd5 Ne7 10. Bg5 Nexd5 11. cxd5 Bh3 12. Qb3 c6 13. dxc6 bxc6 14. Rfc1 Bxg2 15. Kxg2 O-O 16. f3 h6 17. Be3 d5 18. Rc5 Rfc8 19. Rac1 Bf8 20. R5c2 d4 21. Bd2 c5 22. Rc4 g5 23. Qc2 g4 24. Ng1 Qe6 25. b4 Kh7 26. bxc5 Rxc5 27. Rxc5 Bxc5 28. Qxc5 Qxa2 29. Qc6 1-0

[Event "Winnipeg TNT Aug op"]
[Site "Winnipeg CAN"]
[Date "2004.04.13"]
[Round "2"]
[White "Reimer, Bruce"]
[Black "Nair, Krishnan"]
[Result "0-1"]
[WhiteElo "1375"]
[BlackElo "1221"]
[PlyCount "144"]
[GameId "2160767911094748"]
[EventDate "2004.08.03"]
[EventType "swiss"]
[EventRounds "4"]
[EventCountry "CAN"]
[SourceTitle "EXT 2006"]
[Source "ChessBase"]
[SourceDate "2005.11.24"]
[SourceVersion "1"]
[SourceVersionDate "2005.11.24"]
[SourceQuality "1"]

1. c4 e5 2. g3 d6 3. Bg2 c6 4. Nc3 Nf6 5. e4 Be7 6. Nge2 Be6 7. d3 d5 8. cxd5 cxd5 9. exd5 Nxd5 10. O-O Nxc3 11. Nxc3 Qc8 12. Re1 Bf6 13. Bd2 Bh3 14. Bh1 Kf8 15. Rc1 Nc6 16. Nd5 Qf5 17. Be4 Qd7 18. Nxf6 Qe6 19. Nd5 Rc8 20. Bb4+ Kg8 21. Qb3 h5 22. Ne3 Qf6 23. Nd5 Qg5 24. Ne3 Rd8 25. Bg2 Bxg2 26. Kxg2 h4 27. Nd5 h3+ 28. Kf1 Nd4 29. Qd1 Rxd5 30. Rc8+ Kh7 31. Rc7 Qf5 32. Re3 Re8 33. Bc3 Red8 34. Bxd4 Rxd4 35. Rf3 Qg4 36. Rcxf7 e4 37. Rxg7+ Qxg7 38. Rf4 Qg6 39. Rh4+ Kg7 40. Rg4 e3 41. Rxg6+ Kxg6 42. fxe3 Rf8+ 43. Ke2 Rd6 44. d4 Kg5 45. a4 Rdf6 46. Qe1 Re8 47. Qa5+ Kg4 48. Qc7 Ref8 49. Qd7+ Kg5 50. Qg7+ Kf5 51. Qd7+ Kg6 52. Qg4+ Kf7 53. Qh5+ Ke7 54. Qe5+ Kd7 55. Qd5+ Kc7 56. Qc5+ Kb8 57. Qe5+ Ka8 58. Qh5 Rf2+ 59. Kd3 Rxh2 60. e4 Rh1 61. e5 h2 62. e6 a6 63. e7 Rg8 64. e8=Q+ Rxe8 65. Qxe8+ Ka7 66. Qd7 Rd1+ 67. Ke2 h1=Q 68. Qd6 Qf1+ 69. Ke3 Qd3+ 70. Kf4 Rf1+ 71. Ke5 Rf5+ 72. Ke6 Qe4+ 0-1

[Event "Winnipeg TNT Aug op"]
[Site "Winnipeg CAN"]
[Date "2004.04.13"]
[Round "2"]
[White "Taylor, Evan"]
[Black "Milord, Frank"]
[Result "1/2-1/2"]
[WhiteElo "1359"]
[BlackElo "1555"]
[PlyCount "69"]
[GameId "2160767911094750"]
[EventDate "2004.08.03"]
[EventType "swiss"]
[EventRounds "4"]
[EventCountry "CAN"]
[SourceTitle "EXT 2006"]
[Source "ChessBase"]
[SourceDate "2005.11.24"]
[SourceVersion "1"]
[SourceVersionDate "2005.11.24"]
[SourceQuality "1"]

1. Nf3 Nf6 2. d4 d5 3. c4 c6 4. Nc3 dxc4 5. a4 Bf5 6. e3 e6 7. Bxc4 Bb4 8. O-O Nbd7 9. Qb3 Bxc3 10. bxc3 Qc7 11. Re1 O-O 12. Ba3 Rfe8 13. h3 c5 14. Rac1 h6 15. Re2 a6 16. Rce1 Ne4 17. Nd2 Nxd2 18. Rxd2 Be4 19. Rf1 Rac8 20. Rfd1 cxd4 21. Rxd4 Nf6 22. Bd6 Qc6 23. f3 Bd5 24. Bxd5 Nxd5 25. c4 Qxd6 26. cxd5 exd5 27. Rxd5 Qg3 28. Rd7 Qg6 29. e4 b6 30. Rb7 Rb8 31. Rdd7 Rxb7 32. Rxb7 Re6 33. Rb8+ Kh7 34. Qb4 Rd6 35. Qe1 1/2-1/2

[Event "Winnipeg TNT Aug op"]
[Site "Winnipeg CAN"]
[Date "2004.08.10"]
[Round "2"]
[White "Booth, Kevin"]
[Black "Vincent, Trevor"]
[Result "0-1"]
[WhiteElo "1195"]
[BlackElo "1992"]
[PlyCount "52"]
[GameId "2160767911094751"]
[EventDate "2004.08.03"]
[EventType "swiss"]
[EventRounds "4"]
[EventCountry "CAN"]

1. c4 e5 2. g3 Nc6 3. Bg2 g6 4. e3 Bg7 5. Ne2 f5 6. d4 e4 7. O-O Nf6 8. Nbc3 O-O 9. f3 exf3 10. Bxf3 d6 11. Qb3 Kh8 12. Qc2 g5 13. Bg2 a6 14. e4 Nxe4 15. Nxe4 fxe4 16. Rxf8+ Qxf8 17. Bxe4 Nxd4 18. Nxd4 Bxd4+ 19. Kg2 Qg7 20. Rb1 Bd7 21. Qd3 Rf8 22. Bxg5 Rf2+ 23. Kh1 Qe5 24. Bf4 Rxh2+ 25. Kxh2 Qh5+ 26. Kg2 Bh3+ 0-1

[Event "Winnipeg TNT Aug op"]
[Site "Winnipeg CAN"]
[Date "2004.08.10"]
[Round "2"]
[White "Boron, Anthony"]
[Black "Nair, Krishnan"]
[Result "1-0"]
[WhiteElo "1958"]
[BlackElo "1293"]
[PlyCount "107"]
[GameId "2160767911094752"]
[EventDate "2004.08.03"]
[EventType "swiss"]
[EventRounds "4"]
[EventCountry "CAN"]

1. e4 e5 2. Nf3 d6 3. d4 Nd7 4. Nc3 c6 5. a4 Be7 6. Bc4 Ngf6 7. dxe5 dxe5 8. O-O Bb4 9. Bd2 O-O 10. Re1 Nc5 11. Nxe5 Bxc3 12. Bxc3 Qxd1 13. Raxd1 Ncxe4 14. Nxf7 Nxc3 15. bxc3 Bg4 16. Ne5+ Kh8 17. Nf7+ Rxf7 18. Bxf7 Bxd1 19. Rxd1 Ne4 20. Rd3 Rf8 21. f3 Nc5 22. Rd4 g6 23. Bb3 b5 24. axb5 cxb5 25. c4 b4 26. Rd6 Rc8 27. Ba2 a5 28. Rb6 Na4 29. Rb5 Ra8 30. Bb3 Nc3 31. Rb7 a4 32. Rxb4 axb3 33. cxb3 Ra2 34. c5 Nd5 35. Rb8+ Kg7 36. b4 Kf6 37. b5 Ne3 38. b6 Rxg2+ 39. Kh1 Rc2 40. h4 Rxc5 41. b7 Rb5 42. Rf8+ Kg7 43. b8=Q Rxb8 44. Rxb8 Nf5 45. Rb4 Kh6 46. Kh2 Kh5 47. Kh3 g5 48. hxg5 Kxg5 49. Rg4+ Kf6 50. Rg1 h5 51. f4 h4 52. Kg4 Nd4 53. Ra1 Ne6 54. Rh1 1-0

[Event "Winnipeg TNT Aug op"]
[Site "Winnipeg CAN"]
[Date "2004.08.10"]
[Round "2"]
[White "Costales, Servillano"]
[Black "Nikouline, Alexandre"]
[Result "0-1"]
[WhiteElo "1673"]
[BlackElo "2012"]
[PlyCount "116"]
[GameId "2160767911094753"]
[EventDate "2004.08.03"]
[EventType "swiss"]
[EventRounds "4"]
[EventCountry "CAN"]

1. e4 c5 2. Nf3 Nc6 3. Nc3 Nd4 4. a3 d6 5. h3 g6 6. Bc4 Bg7 7. d3 Nxf3+ 8. Qxf3 Nf6 9. O-O O-O 10. Be3 Be6 11. Rad1 Nd7 12. Qe2 Bxc4 13. dxc4 f5 14. exf5 Rxf5 15. Qd2 Nb6 16. b3 Qf8 17. Ne2 Rd8 18. Ng3 Kh8 19. Nxf5 Qxf5 20. Qd3 Qd7 21. Bxc5 dxc5 22. Qxd7 Rxd7 23. Rxd7 Nxd7 24. Rd1 Nf8 25. Rd8 Kg8 26. Rc8 Kf7 27. Rxc5 Ne6 28. Rd5 Ke8 29. g3 Nd4 30. b4 Nxc2 31. Ra5 a6 32. b5 axb5 33. cxb5 Bd4 34. a4 Na3 35. Kg2 Nc4 36. Ra8+ Kd7 37. a5 Nd6 38. b6 Kc6 39. Kf3 e5 40. Ke2 e4 41. g4 Kd7 42. Rf8 Bc3 43. Ra8 Kc6 44. f3 e3 45. Kxe3 Bxa5 46. Rxa5 Nc4+ 47. Kf4 Nxa5 48. Kg5 Kxb6 49. f4 Kc7 50. f5 Kd6 51. fxg6 hxg6 52. Kxg6 b5 53. Kf5 Kd5 54. g5 Nc6 55. Kf4 Kd4 56. g6 Ne7 57. g7 b4 58. Kg5 Ke5 0-1

[Event "Winnipeg TNT Aug op"]
[Site "Winnipeg CAN"]
[Date "2004.08.10"]
[Round "2"]
[White "Gibbons, Lorne"]
[Black "Degroot, Stephen"]
[Result "0-1"]
[WhiteElo "1328"]
[BlackElo "1599"]
[PlyCount "59"]
[GameId "2160767911094754"]
[EventDate "2004.08.03"]
[EventType "swiss"]
[EventRounds "4"]
[EventCountry "CAN"]
[SourceTitle "EXT 2006"]
[Source "ChessBase"]
[SourceDate "2005.11.24"]
[SourceVersion "1"]
[SourceVersionDate "2005.11.24"]
[SourceQuality "1"]

1. d4 Nf6 2. c4 e6 3. a3 b6 4. Nc3 Bb7 5. Bf4 d5 6. h3 Bd6 7. Bd2 c5 8. Nf3 O-O 9. e3 a6 10. Be2 Qc7 11. dxc5 bxc5 12. O-O Nc6 13. g3 d4 14. exd4 cxd4 15. Na2 Ne4 16. Kg2 Rad8 17. Bd3 Nxd2 18. Qxd2 Ne5 19. Be2 Nxf3 20. Bxf3 Bxf3+ 21. Kxf3 Qc6+ 22. Ke2 Qxc4+ 23. Ke1 e5 24. Qc1 Qd5 25. Qd2 d3 26. Nc3 Qf3 27. Rd1 Bc5 28. b4 Bd4 29. Na2 Rfe8 30. Qxd3 0-1

[Event "Winnipeg TNT Aug op"]
[Site "Winnipeg CAN"]
[Date "2004.08.10"]
[Round "2"]
[White "Gibbons, Michael"]
[Black "Essery, Richard"]
[Result "1-0"]
[WhiteElo "2074"]
[BlackElo "1735"]
[PlyCount "121"]
[GameId "2160767911094755"]
[EventDate "2004.08.03"]
[EventType "swiss"]
[EventRounds "4"]
[EventCountry "CAN"]
[SourceTitle "EXT 2006"]
[Source "ChessBase"]
[SourceDate "2005.11.24"]
[SourceVersion "1"]
[SourceVersionDate "2005.11.24"]
[SourceQuality "1"]

1. Nf3 b6 2. c4 Bb7 3. Nc3 c5 4. e3 Nf6 5. Be2 g6 6. O-O Bg7 7. b3 O-O 8. Bb2 Nc6 9. Qc1 e6 10. Rd1 Qb8 11. d4 d6 12. Qd2 Ne7 13. Nb5 cxd4 14. Bxd4 Ne4 15. Qb2 e5 16. Bc3 a6 17. Na3 Nxc3 18. Qxc3 e4 19. Nd4 Qc7 20. Rac1 Rac8 21. Qd2 Qc5 22. Nac2 d5 23. cxd5 Nxd5 24. Bc4 b5 25. Bxd5 Qxd5 26. Nb4 Qd6 27. Ndc6 Qxd2 28. Rxd2 Rc7 29. Rdc2 Re8 30. Kf1 f5 31. Nd5 Rd7 32. Nce7+ Kf7 33. Rc7 Red8 34. Nc6 Bxc6 35. R1xc6 Be5 36. Rxd7+ Rxd7 37. Nf4 Rd6 38. Rc7+ Kg8 39. Rc8+ Kf7 40. Ke2 Ke7 41. Rc7+ Rd7 42. Rc6 Rd6 43. Rc7+ Rd7 44. Rc8 b4 45. Rc5 Bxf4 46. exf4 Ke6 47. Ke3 Rd5 48. Rc6+ Rd6 49. Rxd6+ Kxd6 50. Kd4 a5 51. Kc4 Kc6 52. h3 h6 53. h4 Kd6 54. Kd4 Ke6 55. Kc5 g5 56. hxg5 hxg5 57. fxg5 f4 58. Kd4 Kf5 59. g6 Kxg6 60. Kxe4 Kg5 61. f3 1-0

[Event "Winnipeg TNT Aug op"]
[Site "Winnipeg CAN"]
[Date "2004.08.10"]
[Round "2"]
[White "Gibson, Fred"]
[Black "Anderson, George"]
[Result "1/2-1/2"]
[WhiteElo "1173"]
[BlackElo "1473"]
[PlyCount "28"]
[GameId "2160767911094756"]
[EventDate "2004.08.03"]
[EventType "swiss"]
[EventRounds "4"]
[EventCountry "CAN"]
[SourceTitle "EXT 2006"]
[Source "ChessBase"]
[SourceDate "2005.11.24"]
[SourceVersion "1"]
[SourceVersionDate "2005.11.24"]
[SourceQuality "1"]

1. d4 f5 2. Bg5 g6 3. e3 Bg7 4. Nf3 c5 5. Nbd2 Nc6 6. Nb3 cxd4 7. Nbxd4 Qb6 8. Rb1 e5 9. Nb5 e4 10. Qd5 Nge7 11. Nd6+ Kd8 12. Nf7+ Ke8 13. Nd6+ Kd8 14. Nf7+ Ke8 1/2-1/2

[Event "Winnipeg TNT Aug op"]
[Site "Winnipeg CAN"]
[Date "2004.08.10"]
[Round "2"]
[White "Khedkar, Jay S"]
[Black "Estabrooks, Mike"]
[Result "1-0"]
[WhiteElo "1939"]
[BlackElo "1711"]
[PlyCount "93"]
[GameId "2160767911094757"]
[EventDate "2004.08.03"]
[EventType "swiss"]
[EventRounds "4"]
[EventCountry "CAN"]
[SourceTitle "EXT 2006"]
[Source "ChessBase"]
[SourceDate "2005.11.24"]
[SourceVersion "1"]
[SourceVersionDate "2005.11.24"]
[SourceQuality "1"]

1. e4 d5 2. exd5 Qxd5 3. Nc3 Qa5 4. d4 Nf6 5. Nf3 Bf5 6. Bc4 c6 7. O-O e6 8. Bf4 Nbd7 9. a3 b5 10. Bd3 Bg4 11. h3 Bh5 12. Re1 Be7 13. Qe2 a6 14. Ne4 O-O 15. Ng3 Bxf3 16. Qxf3 c5 17. Nf5 Qd8 18. Nxe7+ Qxe7 19. d5 e5 20. Rad1 Qd6 21. Bg5 Rfe8 22. Bf5 h6 23. Bh4 Nb6 24. Bxf6 Qxf6 25. Be4 Qd6 26. b3 Ra7 27. Re3 g6 28. Qe2 f5 29. Bf3 e4 30. g4 Qe5 31. c4 bxc4 32. bxc4 Rae7 33. Bg2 Qd6 34. Rb3 f4 35. Bf1 h5 36. Rdb1 Nd7 37. Rb7 hxg4 38. Qxg4 Ne5 39. Qg2 Rxb7 40. Rxb7 Nd7 41. Qg4 Re7 42. h4 Ne5 43. Qc8+ Kf7 44. Rb8 Kf6 45. Qf8+ Nf7 46. Rc8 Ke5 47. Rc6 1-0

[Event "Winnipeg TNT Aug op"]
[Site "Winnipeg CAN"]
[Date "2004.08.10"]
[Round "2"]
[White "Milord, Frank"]
[Black "Podmoroff, Yuri"]
[Result "1-0"]
[WhiteElo "1592"]
[BlackElo "1287"]
[PlyCount "77"]
[GameId "2160767911094758"]
[EventDate "2004.08.03"]
[EventType "swiss"]
[EventRounds "4"]
[EventCountry "CAN"]
[SourceTitle "EXT 2006"]
[Source "ChessBase"]
[SourceDate "2005.11.24"]
[SourceVersion "1"]
[SourceVersionDate "2005.11.24"]
[SourceQuality "1"]

1. e4 e5 2. Nf3 Nc6 3. Bb5 Nf6 4. O-O Bd6 5. d4 O-O 6. Bxc6 bxc6 7. dxe5 Bxe5 8. Nxe5 Nxe4 9. Qf3 Nd6 10. Re1 Re8 11. Nc3 f6 12. Nd3 Rxe1+ 13. Nxe1 Bb7 14. Bf4 c5 15. Qg3 Qe7 16. Bxd6 cxd6 17. Nd3 c4 18. Re1 Qf7 19. Nf4 Re8 20. Rxe8+ Qxe8 21. Qe3 Qa8 22. Nfd5 h6 23. Qd4 Qe8 24. Qe3 Qb8 25. Qe7 Bxd5 26. Nxd5 Qxb2 27. Qe8+ Kh7 28. Qe4+ Kh8 29. g3 Qxa2 30. Qg6 a5 31. Ne7 Qb1+ 32. Kg2 Qb7+ 33. f3 d5 34. Nf5 d6 35. Qe8+ Kh7 36. Ne7 h5 37. Qg8+ Kh6 38. Qh8+ Kg5 39. h4# 1-0

[Event "Winnipeg TNT Aug op"]
[Site "Winnipeg CAN"]
[Date "2004.08.10"]
[Round "2"]
[White "Reimer, Bruce"]
[Black "Fastershank, Anthony"]
[Result "1-0"]
[WhiteElo "1365"]
[BlackElo "1172"]
[PlyCount "53"]
[GameId "2160767911094759"]
[EventDate "2004.08.03"]
[EventType "swiss"]
[EventRounds "4"]
[EventCountry "CAN"]

1. c4 e5 2. g3 Nf6 3. Bg2 Bc5 4. Nc3 Ng4 5. e3 d6 6. h3 Nf6 7. Nge2 Bb4 8. a3 Bxc3 9. Nxc3 d5 10. cxd5 Nxd5 11. Nxd5 Bd7 12. O-O O-O 13. Qc2 c6 14. Nc3 Na6 15. d4 exd4 16. exd4 g6 17. Bh6 Re8 18. Rfe1 Rxe1+ 19. Rxe1 Qc7 20. Ne4 Re8 21. Nf6+ Kh8 22. Nxe8 Qd8 23. Qe2 c5 24. Qe5+ f6 25. Nxf6 Bb5 26. Ne8+ Kg8 27. Qg7# 1-0